Les Enfoirés (Participants) - Statistiques

Statistiques générales
  • Ce quiz a été pris 390 fois
    63 depuis la dernière actualisation
  • Le résultat moyen est 130 sur 284
Statistiques - réponses
Participants % Correct
Black M
98%
Éric Vu-An
90%
Alain Chabat
85%
Didier Deschamps
85%
Amel Bent
83%
Mimie Mathy
83%
Garou
80%
Michaël Youn
80%
Patrick Bruel
80%
Zaz
80%
Zinédine Zidane
80%
Christophe Maé
78%
Sébastien Loeb
78%
Zazie
78%
Alexis Lebrun
76%
Coluche
76%
Dany Boon
76%
David Hallyday
76%
Jean-Louis Aubert
76%
Kad Merad
76%
Patrick Fiori
76%
Amir
73%
Antoine Dupont
73%
Carla Bruni
73%
Félix Lebrun
73%
Jean-Jacques Goldman
73%
Jenifer
73%
Kev Adams
73%
Lara Fabian
73%
Louane
73%
Michael Goldman
73%
Nolwenn Leroy
73%
Philippe Lacheau
73%
Sébastien Chabal
73%
Bénabar
71%
Catherine Lara
71%
Charles Aznavour
71%
Florent Pagny
71%
Johnny Hallyday
71%
Kylian Mbappé
71%
Lââm
71%
Céline Dion
68%
Grégoire
68%
Marc Lavoine
68%
Matt Pokora
68%
Vianney
68%
Alain Souchon
66%
Annie Cordy
66%
Calogero
66%
Didier Bourdon
66%
Francis Cabrel
66%
Kendji Girac
66%
Michel Sardou
66%
Natasha St-Pier
66%
Shy'm
66%
Alizée
63%
Christophe Willem
63%
France Gall
63%
Gérard Jugnot
63%
Hélène Ségara
63%
Isabelle Nanty
63%
Khadja Nin
63%
Michel Blanc
63%
Pascal Obispo
63%
Slimane
63%
Soprano
63%
Vanessa Paradis
63%
Vitaa
63%
Yannick Noah
63%
Emmanuel Moire
61%
Jean-Baptiste Maunier
61%
Laurent Blanc
61%
MC Solaar
61%
Michael Jones
61%
Michèle Laroque
61%
Muriel Robin
61%
Tal
61%
Thomas Dutronc
61%
Christian Karembeu
59%
Claudio Capéo
59%
Eddy Mitchell
59%
François Damiens
59%
Gad Elmaleh
59%
Helena
59%
Inès Reg
59%
Julien Clerc
59%
Marine
59%
Michel Drucker
59%
Mika
59%
Nicolas Canteloup
59%
Ousmane Dembélé
59%
Pierre Palmade
59%
Renaud
59%
Tarek Boudali
59%
Aimé Jacquet
56%
Alain Chamfort
56%
Arnaud Ducret
56%
Bernard Campan
56%
Gaëtan Roussel
56%
Jacques Dutronc
56%
Jean-Marc Généreux
56%
Jean Reno
56%
Jeff Panacloc & Jean-Marc
56%
Josiane Balasko
56%
Lilian Thuram
56%
Lorie
56%
Maurane
56%
Raphaël
56%
Serge Lama
56%
Bixente Lizarazu
54%
Hugues Aufray
54%
Jérémy Frérot
54%
Pierre Garnier
54%
Tibo Inshape
54%
Axel Bauer
51%
Camille Lacourt
51%
Charlotte Gainsbourg
51%
Claire Keim
51%
Elodie Fontan
51%
Emile et Images
51%
Emmanuelle Béart
51%
Jain
51%
Maxime Le Forestier
51%
Mentissa
51%
Monica Bellucci
51%
Pascal Légitimus
51%
Alex Lutz
49%
Chantal Lauby
49%
Claire Francisci-Ducret
49%
Dave
49%
Gérald De Palmas
49%
Jarry
49%
Joyce Jonathan
49%
Laurent Voulzy
49%
Patricia Kaas
49%
Renan Luce
49%
Alain Bernard
46%
Axelle Red
46%
Chimène Badi
46%
Daniel Lévi
46%
David Douillet
46%
Fabien Barthez
46%
Gilbert Bécaud
46%
Isabelle Boulay
46%
Karim Benzema
46%
Laurent Baffie
46%
Liane Foly
46%
Maëlle
46%
Thierry Lhermitte
46%
Amandine Henry
44%
Anggun
44%
Dany Brillant
44%
Elie Semoun
44%
Elsa
44%
Frédéric François
44%
Gérard Darmon
44%
Julien Arruti
44%
Patrick Sébastien
44%
Santa
44%
Tony Parker
44%
Véronique Sanson
44%
Anne Sila
41%
Arielle Dombasle
41%
Dominique Farrugia
41%
Emmanuel Petit
41%
Etienne Daho
41%
Frank Leboeuf
41%
Helena Noguerra
41%
Jane Birkin
41%
Ophélie Winter
41%
Stephan Eicher
41%
Tina Arena
41%
Tonton David
41%
Zlatan Ibrahimovic
41%
Basile Boli
39%
Boulevard des Airs
39%
Carole Fredericks
39%
François-Xavier Demaison
39%
Joseph Kamel
39%
Khaled
39%
Michel Platini
39%
Sophie Marceau
39%
Alice Pol
37%
Ary Abittan
37%
Frédéric Diefenthal
37%
José Garcia
37%
Julie Zenatti
37%
Mcfly & Carlito
37%
Mireille Mathieu
37%
Nathalie Baye
37%
Roch Voisine
37%
Corneille
34%
Faudel
34%
Franck Ribéry
34%
Patrick Timsit
34%
Renaud Capuçon
34%
Richard Cocciante
34%
Thomas Pesquet
34%
Valérie Lemercier
34%
Yannick Agnel
34%
Camélia Jordana
32%
Claudia Tagbo
32%
Eric Cantona
32%
Patrick Dupond
32%
Patrick Juvet
32%
Philippe Lavil
32%
Sofia Essaïdi
32%
Ycare
32%
Laetitia Casta
29%
Marius Colucci
29%
Mia Frye
29%
Nana Mouskouri
29%
Offenbach
29%
Richard Anconina
29%
Styleto
29%
Yves Montand
29%
Catherine Deneuve
27%
Christophe Dugarry
27%
Elie Kakou
27%
Fanny Ardant
27%
Guy Roux
27%
Ibrahim Maalouf
27%
Luc Plamondon
27%
Marie-Agnès Gillot
27%
Nâdiya
27%
Native
27%
Véronic Dicaire
27%
Doc Gynéco
24%
Esteban Ocon
24%
Les Innocents
24%
Malik Bentalha
24%
Martin Lamotte
24%
Maryse Gildas
24%
Norman
24%
Pow Wow
24%
Richard Berry
24%
Salvatore Adamo
24%
Sandrine Kiberlain
24%
Alain Boghossian
22%
Estelle Lefébure
22%
Jean-Marie Bigard
22%
Karen Mulder
22%
Michel Leeb
22%
Princess Erika
22%
Titoff
22%
Carole Bouquet
20%
Dick Rivers
20%
Jean d'Ormesson
20%
Yves Lecoq
20%
Alain Delon
17%
Alice Taglioni
17%
Amaury Leveaux
17%
Axelle Saint-Cirel
17%
Grégory Coupet
17%
I Muvrini
17%
Romane Bohringer
17%
Esther Abrami
15%
Fabrice Luchini
15%
Jean-Claude Brialy
15%
Michel Fuguain
15%
Philippine Lavrey
15%
Serge Reggiani
15%
Smaïn
15%
Yves Simon
15%
Alain Lanty
12%
Arnaud Toupense
12%
Jocelyne Béroard
12%
Marie Colin
12%
Rebecca
12%
Bafétimbi Gomis
10%
Caroline Cellier
10%
Fabien Gilot
10%
Germain Louvet
10%
Pauline Lefèvre
10%
Peter Kingsberry
10%
Renaud Hantson
10%
Claire Nadeau
7%
Coumba Gawlo
7%
Dan On Braz
7%
Patrick Chesnais
7%
Pauline Déroulède
7%
Paul Personne
7%
Diane Dufresne
5%
Vincent Chaillet
5%
Aucun quiz correspondant
Distribution des résultats
% des personnes avec chaque résultat
Percentile par nombre de réponses
Votre historique - résultats
Vous n’avez pas pris ce quiz depuis la dernière actualisation